Las macroempresas mundiales y las fronteras del Estado

Na minha lista:
Detalhes bibliográficos
Autor principal: Chaves G, Luis Alberto
Formato: Texto
Publicado em: San José :
Assuntos:
Tags: Adicionar Tag
Sem tags, seja o primeiro a adicionar uma tag!

MARC

LEADER 00000 a a2200000 04500
001 18823
003
040
090 |a 144504  
100 |a Chaves G, Luis Alberto  
245 |a Las macroempresas mundiales y las fronteras del Estado  
260 |a San José :  
300 |a 11 p.  
650 |a ESTADO  
650 |a EMPRESAS  
650 |a EMPRESAS EXTRANJERAS  
650 |a GLOBALIZACION  
650 |a LIBERALIZACION DEL INTERCAMBIO  
999 |c 10224  |d 10224